भरडधान्य - पौष्टिक तृणधान्य (Record no. 1221909)

MARC details
000 -LEADER
fixed length control field 00516nam a2200169Ia 4500
008 - FIXED-LENGTH DATA ELEMENTS--GENERAL INFORMATION
fixed length control field 260520s2024 xx 000 0 und d
020 ## - INTERNATIONAL STANDARD BOOK NUMBER
International Standard Book Number 978-81-962992-8-6
041 ## - LANGUAGE CODE
Language code of text/sound track or separate title mar
082 ## - DEWEY DECIMAL CLASSIFICATION NUMBER
Classification number 641.331/BAN
100 ## - MAIN ENTRY--PERSONAL NAME
Personal name बन, योगेश
245 ## - TITLE STATEMENT
Title भरडधान्य - पौष्टिक तृणधान्य
250 ## - EDITION STATEMENT
Edition statement 1st ed
260 ## - PUBLICATION, DISTRIBUTION, ETC.
Place of publication, distribution, etc. कोल्हापुर
Name of publisher, distributor, etc. तेजस प्रकाशन
Date of publication, distribution, etc. 2024
300 ## - PHYSICAL DESCRIPTION
Extent 132p.
500 ## - GENERAL NOTE
General note Cat No: 15183
650 ## - SUBJECT ADDED ENTRY--TOPICAL TERM
Topical term or geographic name entry element HOME ECONOMICS
Holdings
Withdrawn status Lost status Damaged status Not for loan Collection Home library Current library Shelving location Date acquired Source of acquisition Cost, normal purchase price Total Checkouts Full call number Barcode Date last seen Price effective from Koha item type Public note
          Dr.Patangrao Kadam Mahavidyalaya, Sangli Dr.Patangrao Kadam Mahavidyalaya, Sangli   17/04/2026 Bharati Madhyavarti Sahakari Grahak Bhandar, Pune (Tejas Prakashan, Kolhapur) 200.00   641.331/BAN PKS-25281 20/05/2026 20/05/2026 Book General book section